000 00549nam a2200205Ia 4500
005 20250508150339.0
008 008 250505s9999 xx 000 0 eng d
037 _aTextual
040 _aFEDL
_beng
_cFEDL
041 _aeng
_2eng
084 _a150, ROB
_qFEDL
100 _aRoberts William H
_9756460
245 0 _aPsychology you can use
260 _aNew York, USA
_bHarcourt Brace and Company
_c1943
300 _a246p.
365 _aINR
_b10
650 _aPsychology
942 _cTEXL
_h150, ROB
999 _c1323124
_d1323124